• 首页
  • 本馆介绍
  • 公告通知
  • 最新文献
  • 馆藏检索
  • 电子资源
  • 读者导购
  • 参考咨询
  • 我的图书馆
  • 登录
  • 详细信息显示
  • 放入我的书架
  • 预约/预借图书
  • 作者相关作品
  • 分类相关作品
  • 丛书相关作品
  • 出版社相关作品

书目信息

  • 表格格式
  • 工作单格式
  • 卡片格式
题名:
图像分割的认知物理学方法
    
 
作者: 吴涛 著
分册:  
出版信息: 北京   中国水利水电出版社  2015.02
页数: 239页
开本: 26cm
丛书名:
单 册:
中图分类: TN911.73
科图分类:
主题词: 通信理论
电子资源:
ISBN: 978-7-5170-2873-4
000 00590nam0 2200205 450
001 398
005 20160905103910.42
010    @a978-7-5170-2873-4@dCNY48.00
092    @bT
100    @a20160722d2015 km y0chiy0120 ea
101 0  @achi
102    @aCN@b110000
200 1  @a图像分割的认知物理学方法@Atu xiang fen ge de ren zhi wu li xue fang fa@f吴涛著@Fwu tao zhu
210    @a北京@c中国水利水电出版社@d2015.02
215    @a239页@d26cm
606 0  @a通信理论
690    @aTN911.73@v4
701  0 @a吴涛@Awu tao@4著
801  0 @aCN@b唐山师范学院图书馆@c20160722
905    @aZUCC@dTN911.73@e151
    
    图像分割的认知物理学方法/吴涛著.-北京:中国水利水电出版社,2015.02
    239页;26cm
    
    
    ISBN 978-7-5170-2873-4:CNY48.00
    
●
相关链接 在E读中查询图书 在五车中查询图书 在当当中查询图书 在豆瓣中查询图书


正题名:图像分割的认知物理学方法     索取号:TN911.73/151         预约/预借

序号 登录号 条形码 馆藏地/架位号 状态 备注
1 901690   209016900   第二样本阅览室/ [索取号:TN911.73/151] 在馆    
2 901691   209016919   第三借阅区/ [索取号:TN911.73/151] 在馆    
3 901692   209016928   第三借阅区/ [索取号:TN911.73/151] 在馆    
唐山师范学院图书馆 欢迎您!
大连网信软件有限公司© 版权所有